000 00501nam a2200169Ia 4500
008 240729s9999 xx 000 0 und d
022 _a2192-6395
245 0 _aInternational Journal of Disaster Risk Science
260 _aGermany
260 _bSpringerOpen
650 _a Disasters and engineering
650 _a Engineering (General). Civil engineering (General)
650 _aTechnology
856 _uhttps://doaj.org/toc/c04d0af5c10040db80c3ae7545ad7f40
942 _2ddc
942 _cDOAJEJ
999 _c71528
_d71528
945 _a1
_bMadushi Gamage
_c1
_dMadushi Gamage